L'ombra del potere /

Gardado en:
Detalles Bibliográficos
Main Authors: Bonvecchio, Claudio (Author), Risé, Claudio (Author)
Formato: Libro
Idioma:Lingua italiana
Publicado: Como : Red, 1998
Series:Immagini del profondo ; 93
Subjects:
Tags: Engadir etiqueta
Sen Etiquetas, Sexa o primeiro en etiquetar este rexistro!

MARC

LEADER 00000nam a2200000 i 4500
001 IT\ICCU\TSA\0037951
003 ItRI
005 20260115231918.0
008 981210s1998 it |||||| ||||| |||||c
015 |2 IT  |a 99-3792 
020 |a 8870317986 
040 |b ita  |c importazione bologna sebina 
041 7 |a ita  |2 ISO-639-2 
082 |a 303.6  |9 CONFLITTO SOCIALE  |2 20 
100 1 |a Bonvecchio, Claudio  |0 IT\ICCU\CFIV\039674  |4 aut 
245 1 2 |a L'ombra del potere /  |c Claudio Bonvecchio, Claudio Risé. 
260 |a Como :  |b Red,  |c 1998 
300 |a 130 p. ;  |c 23 cm. 
650 7 |a Aggressività  |x Psicologia sociale 
650 7 |a Uomo  |x Psicanalisi  |2 scbi 
700 1 |a Risé, Claudio  |0 IT\ICCU\MILV\054036  |4 aut 
830 0 |a Immagini del profondo ;  |v 93  |0 IT\ICCU\CFI\0055278 
942 |2 ddc  |c BK  |n 0 
952 |0 0  |1 0  |4 0  |6 DOC_303_600000000000000_BON  |7 0  |9 16238  |a BO  |b BO  |d 2026-01-15  |i 20766  |l 0  |o DOC 303.6 BON  |p BO20766  |r 2026-01-15 23:19:18  |w 2026-01-15  |x [Sebina 5] [1 v.]  |y BK  |z 1 v. 
999 |c 13937  |d 13937